Giryama - English dictionary (Record no. 43282)
[ view plain ]
| 000 -LEADER | |
|---|---|
| fixed length control field | 00476nam a22001571a 4500 |
| 020 ## - INTERNATIONAL STANDARD BOOK NUMBER | |
| Terms of availability | 0.00 |
| 040 ## - CATALOGING SOURCE | |
| Original cataloging agency | NEGST Library - Kenya |
| 050 ## - LIBRARY OF CONGRESS CALL NUMBER | |
| Classification number | PL 8702.G47D44 1964 |
| 100 ## - MAIN ENTRY--PERSONAL NAME | |
| Personal name | Deed, Florence |
| 245 ## - TITLE STATEMENT | |
| Title | Giryama - English dictionary |
| Medium | [Text] |
| 260 ## - PUBLICATION, DISTRIBUTION, ETC. (IMPRINT) | |
| Place of publication, distribution, etc | Kampala |
| Name of publisher, distributor, etc | East African Literature |
| Date of publication, distribution, etc | 1964 |
| 300 ## - PHYSICAL DESCRIPTION | |
| Extent | 114 p.; |
| 600 ## - SUBJECT ADDED ENTRY--PERSONAL NAME | |
| Personal name | Giryama language - Dictionaries- -Englis |
| 852 ## - LOCATION/CALL NUMBER | |
| -- | 12.00 |
| Withdrawn status | Lost status | Source of classification or shelving scheme | Damaged status | Not for loan | Collection code | Home library | Current library | Shelving location | Date acquired | Source of acquisition | Cost, normal purchase price | Full call number | Barcode | Date last seen | Copy number | Price effective from | Koha item type |
|---|---|---|---|---|---|---|---|---|---|---|---|---|---|---|---|---|---|
| Library of Congress Classification | Special Collection | AIU/NEGST - Tony Wilmot Memorial Library | AIU/NEGST - Tony Wilmot Memorial Library | Special Collection | 02/15/2010 | Donation- SIL | 12.00 | S PL 8702.G47D44 1964 | R41893M3232 | 09/26/2019 | 1 | 02/15/2010 | Africana Collection (Special) |
